000 00712nam a22001935i 4500
001 170606
003 ES-MaACL
005 20230906214420.0
008 090324s1992 fr |||| | fre d
080 _a78 Scotto, Vincent
100 1 _aScotto, Vincent.
_9139656
245 1 0 _aVincent Scotto
_b: période de 1910 à 1925 /
_c8 chansons illustrées par Pousthomis, Clerice, Edmond Maquis.
260 _aParis :
_bFortin,
_c1992.
300 _a[8] p. :
_bil. ;
_c30 cm +
_e8 partituras con música y letra.
600 1 4 _aScotto, Vincent.
_9139656
700 1 _aPousthomis.
_9139657
700 1 _aClérice, Charles.
_9139658
852 _aES-MaACL
_j2278-F-27
_9R.141166
_z.- Biblioteca Jacinto Martínez Lacalle
999 _c170606
_d170606